|
|
|
|
| LEADER |
02647nam a2200457 i 4500 |
| 001 |
33816 |
| 003 |
BD-DhAAL |
| 005 |
20211121100526.0 |
| 008 |
180920t2018 ii ab b 000 0 eng |
| 999 |
|
|
|c 39552
|d 39552
|
| 010 |
|
|
|a 2017350303
|
| 020 |
|
|
|a 9789383419647 (Print)
|
| 020 |
|
|
|z 9789383419654 (e-book)
|
| 025 |
|
|
|a I-E-2017350303; 17-90; 56-32
|
| 037 |
|
|
|b Library of Congress -- New Delhi Overseas Office
|
| 040 |
|
|
|a DLC
|b eng
|e rda
|c DLC
|d DLC
|d BD-DhAAL
|
| 042 |
|
|
|a lcode
|a pcc
|
| 043 |
|
|
|a a-ii---
|
| 050 |
0 |
0 |
|a NA1502
|b .R37 2018
|
| 082 |
|
|
|a 720.954095492
|2 20
|
| 245 |
0 |
0 |
|a Re-imagining Bengal :
|b architecture, built environment and cultural heritage /
|c edited by Iftekhar Ahmed, Mohammad Habib Reza.
|
| 250 |
|
|
|a First edition.
|
| 260 |
|
|
|a Sahibabad, Dist. Ghaziabad :
|b Copal Publishing Group,
|c c2018.
|
| 300 |
|
|
|a xi, 125 pages :
|b illustrations (black and white, and color) ;
|c 24 cm
|
| 500 |
|
|
|a Includes architectural renderings.
|
| 504 |
|
|
|a Includes bibliographical references.
|
| 520 |
|
|
|a Contributed articles on ancient architecture and state of historic Bengal buildings and their designs.
|
| 526 |
|
|
|a ARC
|
| 541 |
|
|
|a Trim Education
|e 33816, 33817, 33818, 33819, 33820
|
| 650 |
|
0 |
|a Architecture, Ancient
|z India
|z Bengal.
|9 28303
|
| 650 |
|
0 |
|a Historic buildings
|z India
|z Bengal
|v Designs and plans.
|9 28300
|
| 650 |
|
0 |
|a Architecture.
|9 42871
|
| 700 |
1 |
|
|a Ahmed, K. Iftekhar
|9 28301
|
| 700 |
1 |
|
|a Habib, Mohammad
|9 28302
|
| 852 |
|
|
|a Ayesha Abed Library
|c General Stacks
|
| 942 |
|
|
|2 ddc
|c BK
|
| 952 |
|
|
|0 0
|1 0
|2 ddc
|4 0
|6 720_954095492000000_REI
|7 0
|9 64373
|a BRACUL
|b BRACUL
|c GEN
|d 2018-09-12
|e Trim Education
|g 4990.00
|l 5
|m 19
|o 720.954095492 REI
|p 3010033816
|q 2026-04-19
|r 2026-04-12
|s 2026-04-12
|t 1
|v 4990.00
|w 2018-09-12
|y BK
|
| 952 |
|
|
|0 0
|1 0
|2 ddc
|4 0
|6 720_954095492000000_REI
|7 0
|9 64374
|a BRACUL
|b BRACUL
|c GEN
|d 2018-09-12
|e Trim Education
|g 4990.00
|l 1
|m 3
|o 720.954095492 REI
|p 3010033817
|q 2022-08-29
|r 2019-05-13
|s 2019-05-13
|t 2
|v 4990.00
|w 2018-09-12
|y BK
|
| 952 |
|
|
|0 0
|1 0
|2 ddc
|4 0
|6 720_954095492000000_REI
|7 0
|9 64375
|a BRACUL
|b BRACUL
|c GEN
|d 2018-09-12
|e Trim Education
|g 4990.00
|l 8
|m 112
|o 720.954095492 REI
|p 3010033818
|q 2026-06-02
|r 2025-10-22
|s 2025-10-22
|t 3
|v 4990.00
|w 2018-09-12
|y BK
|
| 952 |
|
|
|0 0
|1 0
|2 ddc
|4 0
|6 720_954095492000000_REI
|7 0
|9 64376
|a BRACUL
|b BRACUL
|c GEN
|d 2018-09-12
|e Trim Education
|g 4990.00
|l 10
|m 25
|o 720.954095492 REI
|p 3010033819
|q 2026-07-30
|r 2025-11-23
|s 2025-11-23
|t 4
|v 4990.00
|w 2018-09-12
|y BK
|
| 952 |
|
|
|0 0
|1 0
|2 ddc
|4 0
|6 720_954095492000000_REI
|7 0
|9 64377
|a BRACUL
|b BRACUL
|c GEN
|d 2018-09-12
|e Trim Education
|g 4990.00
|l 4
|m 7
|o 720.954095492 REI
|p 3010033820
|r 2024-10-22
|s 2024-10-09
|t 5
|v 4990.00
|w 2018-09-12
|y BK
|